Advances in underground pipeline engineering / (Record no. 9312)
[ view plain ]
| 000 -LEADER | |
|---|---|
| fixed length control field | 00461cam a2200169ua 4500 |
| 020 ## - INTERNATIONAL STANDARD BOOK NUMBER | |
| ISBN | 0-87262-471-4 |
| 041 ## - LANGUAGE CODE | |
| Language code of text/sound track or separate title | eng |
| 082 ## - DEWEY DECIMAL CLASSIFICATION NUMBER | |
| Classification number | 621.8672 |
| Item number | JEY/AD |
| 100 ## - MAIN ENTRY--AUTHOR NAME | |
| Personal name | Jeyapalan, Jey K . |
| 245 00 - TITLE STATEMENT | |
| Title | Advances in underground pipeline engineering / |
| 250 ## - EDITION STATEMENT | |
| Edition statement | 1 / |
| 260 ## - PUBLICATION, DISTRIBUTION, ETC. (IMPRINT) | |
| Place of publication | New York : |
| Name of publisher | American society of civil engineers , |
| Year of publication | 1985. |
| 300 ## - PHYSICAL DESCRIPTION | |
| Number of Pages | 588 ; . |
| 942 ## - ADDED ENTRY ELEMENTS (KOHA) | |
| Koha item type | Books |
| Withdrawn status | Lost status | Damaged status | Home library | Current library | Date acquired | Full call number | Accession Number | Koha item type |
|---|---|---|---|---|---|---|---|---|
| KAUAET | KAUAET | 07/04/2012 | 621.8672 | 17650 | Books |
